000
00183nam a2200085Ia 4500
008
120527s9999 xx 000 0 und d
100
_a
Locke & kart
245
_a
Philosophy
942
_c
BK
999
_c
27761
_d
27761